The Warren G. Harding Presidency - Statistics

General Stats
  • This quiz has been taken 400 times
  • The average score is 12 of 15
Answer Stats
Hint Answer % Correct
His political party Republican
97%
His Vice President, who would later become President Calvin Coolidge
96%
Harding was the first President elected after this group of people could vote Women
95%
Former President nominated as Chief Justice to the Supreme Court by Harding William Howard Taft
94%
Harding was the first President to visit this large (eventual) state Alaska
92%
His Secretary of Commerce, who also would later become President Herbert Hoover
92%
Name of the scandal that involved Harding's advisors taking bribes from an oil company to drill in this Wyoming city {Teapot} {Dome} Scandal
83%
His home state Ohio
81%
His childhood nickname (think of a fictional yellow bear) Winnie
81%
Harding was unwilling to have the U.S. join this failed global organization League of Nations
78%
Controversially appointed Harry M. Daugherty to this position {Attorney} General
72%
What was, most likely, his cause of death? Heart attack
70%
His wife's name (starts with F) Florence
47%
His middle name Gamaliel
45%
Small newspaper he bought before running for office (hint: woman's name that starts with M) {Marion} Star
30%
No matching quizzes found
Score Distribution
Percent of People with Each Score
Percentile by Number Answered
Your Score History
You have not taken this quiz